Σύλλογοι Θράκης Ανατολικής Ρωμυλίας (1861-1922) : ιστορία και δράση
Αποθηκεύτηκε σε:
| Κύριος συγγραφέας: | |
|---|---|
| Μορφή: | Βιβλίο |
| Γλώσσα: | Greek |
| Δημοσίευση: |
Θεσσαλονίκη :
Ιδρυμα Μελετών Χερσονήσου του Αιμου,
1995
|
| Θέματα: | |
| Ετικέτες: |
Προσθήκη ετικέτας
Δεν υπάρχουν, Καταχωρήστε ετικέτα πρώτοι!
|
MARC
| LEADER | 00000cam a2200000 i 4500 | ||
|---|---|---|---|
| 001 | 1/91021 | ||
| 008 | 991012s1995 gr | ||| |||| ||gre|| | ||
| 020 | |a 9607387066 | ||
| 035 | |l 10053384 | ||
| 040 | |a GR-MY-UA |b gre |e aacr | ||
| 041 | 0 | |a gre | |
| 082 | 0 | |a 938.992 | |
| 100 | 1 | |a Μαμώνη, Κυριακή. | |
| 245 | 1 | 0 | |a Σύλλογοι Θράκης Ανατολικής Ρωμυλίας (1861-1922) : |b ιστορία και δράση / |c Κυριακή Μαμώνη |
| 260 | |a Θεσσαλονίκη : |b Ιδρυμα Μελετών Χερσονήσου του Αιμου, |c 1995 | ||
| 300 | |a 223 σ. |b εικ.; πιν. | ||
| 504 | |a Περιέχει βιβλιογραφία και ευρετήριο | ||
| 650 | 0 | |a Greeks |z Thrace |x Societies, etc. |x History. | |
| 650 | 0 | |a Greeks |z Eastern Rumelia |x Societies, etc. |x History. | |
| 651 | 0 | |a Thrace |x Ethnic relations. | |
| 651 | 0 | |a Eastern Rumelia |x Ethnic relations. | |
| 852 | |a INST |b LESVOS |e 19991012 |h 938.992 ΜΑΜ |p 005100019356 |q 005100019356 |t BK |y 0 | ||
| 901 | |a BIBL1-1999-3 | ||
| 909 | |a Λ |b 069422 | ||
| 970 | |z 2000/06/ΟΙΚΟΝΟΜΟΠΟΥΛΟΥ ΧΡΙΣΤΙΝΑ | ||
| 970 | |a ΜΟΥΣΤΑΚΑ |b ΠΗΝΕΛΟΠΗ |z 1999/10/12 | ||